000 00200nam a2200085Ia 4500
008 170620s9999 xx 000 0 und d
100 _aMULLA- I
245 0 _aCOMMENTRY ON MOHAMMEDAN LAW
260 _bALLAHABAD; DLA
260 _c2010
999 _c29508
_d29508